Ciudades españolas - "Ahorcado" aleatorio - Estadísticas

Estadísticas generales
  • Esta prueba ha sido intentada 870 veces
  • La puntuación promedio es 4 de 6
Estadísticas de respuestas
Letra % Correcto
A
100%
Á
100%
A
100%
A
100%
A
100%
A
100%
A
100%
A
100%
A
100%
A
100%
A
100%
A
100%
A
100%
A
100%
A
100%
A
100%
A
100%
A
100%
A
100%
A
100%
A
100%
A
100%
A
100%
A
100%
À
100%
A
100%
A
100%
A
100%
A
100%
A
100%
A
100%
A
100%
A
100%
A
100%
A
100%
À
100%
A
100%
A
100%
A
100%
A
100%
A
100%
A
100%
A
100%
A
100%
A
100%
A
100%
A
100%
Á
100%
A
100%
Á
100%
A
100%
A
100%
A
100%
A
100%
A
100%
A
100%
A
100%
A
100%
Á
100%
A
100%
A
100%
C
100%
D
100%
D
100%
E
100%
E
100%
E
100%
E
100%
E
100%
E
100%
E
100%
E
100%
E
100%
E
100%
É
100%
E
100%
E
100%
E
100%
E
100%
E
100%
E
100%
E
100%
E
100%
E
100%
E
100%
G
100%
I
100%
I
100%
I
100%
I
100%
I
100%
I
100%
Í
100%
L
100%
L
100%
M
100%
M
100%
M
100%
M
100%
M
100%
M
100%
M
100%
M
100%
N
100%
N
100%
N
100%
N
100%
Ñ
100%
O
100%
O
100%
O
100%
Ó
100%
O
100%
O
100%
Ó
100%
O
100%
O
100%
O
100%
R
100%
R
100%
R
100%
R
100%
R
100%
R
100%
S
100%
S
100%
S
100%
S
100%
S
100%
U
100%
U
100%
U
100%
U
100%
V
100%
I
90%
I
90%
O
89%
E
88%
I
88%
O
88%
O
88%
O
88%
S
88%
S
88%
A
86%
A
86%
D
86%
É
86%
É
86%
E
86%
E
86%
I
86%
I
86%
L
86%
R
86%
T
86%
E
83%
G
83%
I
83%
I
83%
L
83%
L
83%
L
83%
M
83%
M
83%
R
83%
S
83%
S
83%
B
80%
C
80%
E
80%
E
80%
E
80%
G
80%
H
80%
I
80%
I
80%
L
80%
L
80%
L
80%
M
80%
N
80%
N
80%
R
80%
R
80%
R
80%
R
80%
R
80%
S
80%
T
80%
U
80%
U
80%
E
78%
C
75%
D
75%
D
75%
D
75%
E
75%
G
75%
Í
75%
L
75%
L
75%
L
75%
L
75%
M
75%
N
75%
O
75%
O
75%
O
75%
O
75%
R
75%
R
75%
R
75%
R
75%
Ü
75%
V
75%
E
71%
Í
71%
I
71%
L
71%
L
71%
L
71%
R
71%
U
71%
R
70%
I
67%
I
67%
J
67%
L
67%
L
67%
L
67%
M
67%
O
67%
P
67%
R
67%
R
67%
R
67%
S
67%
S
67%
S
67%
T
67%
U
67%
U
67%
U
67%
Z
67%
Z
67%
F
63%
L
63%
T
63%
T
63%
U
63%
C
60%
F
60%
G
60%
I
60%
L
60%
N
60%
O
60%
O
60%
R
60%
R
60%
T
60%
T
60%
B
57%
B
57%
B
57%
D
57%
R
57%
U
56%
B
50%
C
50%
C
50%
D
50%
F
50%
G
50%
G
50%
I
50%
L
50%
L
50%
L
50%
N
50%
N
50%
N
50%
R
50%
R
50%
R
50%
T
50%
T
50%
T
50%
T
50%
U
50%
T
43%
G
40%
N
40%
P
40%
S
40%
S
40%
T
40%
T
40%
D
38%
G
38%
B
33%
C
33%
C
33%
D
33%
M
33%
R
33%
R
33%
T
33%
T
33%
R
29%
G
25%
H
25%
H
25%
R
25%
T
25%
T
25%
G
20%
T
20%
C
17%
H
17%
I
17%
N
17%
V
17%
V
17%
T
14%
D
13%
X
13%
G
11%
F
0%
G
0%
G
0%
V
0%
X
0%
X
0%
Z
0%
No se encontraron pruebas coincidentes
Distribución de puntuación
Porcentaje de gente con cada puntuación
Porcentaje por número respondido
Historial de tus puntuaciones
No has intentado esta prueba.